1812 1920 1997 1900 1648 1601 1106 1357 1546 1133 1469 1575 1703 1696 1116 1628 1994 1906 1924 1921 1840 1725 1118 1008 1252 1929 1828 1540 1751 1282 1467 1796 1458 1449 1505 1953 1892 1290 1760 1674 1440 1733 1105 1799 1509 1724 1991 1435 1219 1830 1255 1068 1460 1155 1657 1231 1431 1365 1236 1393 1244 1720 1635 1684 1039 1579 1295 1441 1005 1975 1425 1760 1168 1392 1289 1149 1902 1768 1024 1391 1965 1359 1617 1015 1396 1284 1194 1678 1169 1768 1856 1991 1788 1293 1210 1878 1654 1435 1037 BCNSPRNW ULIB Ver.6.0+V

เปลี่ยนเป็นภาษาไทย

Change to English
 แสดงรายละเอียดบรรณานุกรม
  กลับหน้าหลัก

Brief Record : Get Marc (ISO 2709) : E-mail record : QR code < ปิดหน้าต่าง
LEADER : 00000nam 2200000uu 4500
001    13399113239
003     ULIB
008    111004s2554||||th 000 0 tha d
020    9786160800186
050  4 PE1131^bอ967พ
100     ไอกูชิ, โนริโก๊ะ, ผู้เขียน เพ็ญนภา รุจิรนนท์, ผู้แปล
245 00 พูดอังกฤษปร๋อไม่ง้อติวเตอร์ /^cไอกูชิ, โนริโก๊ะ, ผู้เขียน เพ็ญนภา รุจิรนนท์, ผู้แปล
250    พิมพ์ครั้งที่ 1
260    กรุงเทพฯ :^bซีเอ็ดยูเคชั่น,^c2554
300    353 หน้า :^bภาพประกอบ ;^c19 ซม. +^eซีดี-รอม 1 แผ่น
650  4 ภาษาอังกฤษ^xบทสนทนาและวลี
650  4 ภาษาอังกฤษ^xตำราสำหรับชนต่างชาติ
945    ^p225^l0^i030637
945    ^p225^l0^i030847
945    ^p225^l0^i18685
995     เกษร
999 ^a ทศพร
รายการนี้ยังไม่มีแท็ก
คุณยังไม่ได้ล็อกอิน คุณสามารถมีกิจกรรมร่วมกับเว็บไซต์ได้ แต่ต้องล็อกอินก่อน ::
  ล็อกอิน

รายการสื่อสารสนเทศ

ลำดับที่ ประเภท เลขเรียก/บาร์โค้ด สถานที่ สถานะ
- ไม่พบข้อมูล -

BibComment


ยังไม่เคยถูกคอมเมนท์

คอมเมนท์ทรัพยากรรายการนี้
  คอมเมนท์: พูดอังกฤษปร๋อไม่ง..


 Copyright 2026. Bcnsprnw @Library